[Event "CZE-tht Extraliga 2018-19"]
[Site "Czech Republic"]
[Date "2018.12.01"]
[Round "3"]
[White "Studnicka, Tomas"]
[Black "Jasny, Stanislav"]
[Result "1-0"]
[WhiteElo "2309"]
[BlackElo "2371"]
[Annotator "TA"]
[PlyCount "126"]
[EventDate "2018.11.03"]
[EventType "team-tourn"]
[EventCountry "CZE"]
[SourceTitle "playchess.com"]
[Source "ChessBase"]
[SourceQuality "1"]
[WhiteTeam "Turnov"]
[BlackTeam "Beskydska"]

{[%evp 23,126,37,46,39,45,39,72,55,69,67,62,47,79,47,71,68,60,-81,-99,-106,-35,-87,-88,-110,-103,-105,-119,-113,-112,-115,-98,-93,-84,-114,-63,-76,56,58,95,103,85,44,101,53,142,149,215,204,198,212,201,204,186,104,128,112,118,129,120,124,100,68,70,70,70,69,69,71,104,104,278,278,278,278,278,278,271,271,465,450,450,450,436,429,450,450,936,370,701,560,1638,1391,1749,747,1877,1791,1460,494,1816,1233,29977,29978,29970,29972,29976]} 1. d4 Nf6 2. Nf3 g6 3. c4 Bg7 4. Nc3 d6 5. e4 O-O 6. Be2 e5 7. Be3 Ng4 8. Bg5 f6 9. Bh4 g5 10. Bg3 Nh6 11. dxe5 dxe5 12. O-O Na6 {LiveBook: 6 Games} 13. Qb3 {E92: King's Indian: Classical: 6 Be2 e5: 7 dxe5, 7 Be3 and Petrosian System without 7...Nbd7} (13. a3 c6 14. b4 Qe7 15. c5 Nc7 16. Nd2 Rd8 17. Bc4+ Ne6 18. f3 Kh8 19. Bf2 Nd4 20. Nb3 Be6 21. Bxe6 Qxe6 22. Nxd4 exd4 23. Bxd4 {0-1 (42) Tomczak,M (2298)-Szelag,M (2443) Polanica Zdroj 2016}) 13... Nc5 14. Qa3 b6 $146 ({Predecessor:} 14... Ne6 15. Rfd1 Qe8 16. Nd5 Rf7 17. h3 Nf4 18. Bxf4 gxf4 19. Nh2 Bf8 20. b4 Qc6 {½-½ (37) Balabin,A-Kirpikov,A (2249) RCCA email 2001}) 15. Rfd1 {White is better.} Qe8 16. b4 $1 {[%cal Rb4c5]} Ne6 17. c5 Bb7 18. cxb6 axb6 19. Qb3 {Hoping for Bb5.} Kh8 20. Nd5 (20. Bc4 $14 {stays ahead.} Bc8 21. h3) 20... g4 $1 $17 {[%cal Rg4f3]} 21. Ne1 Bxd5 (21... f5 $1 $17 22. Rab1 Bxd5 23. Qxd5 Nd4) 22. Qxd5 (22. exd5 $15 Nd4 23. Rxd4 exd4 24. Bd3) 22... Nd4 23. Bd3 c6 $1 {[%cal Rc6d5]} 24. Qc4 b5 25. Qc5 f5 $1 26. Nc2 {aiming for Nxd4.} Ne6 27. Qc3 f4 28. Bh4 {[%cal Bg3h4,Bh4e7,Be7g5][%mdl 32]} Ra7 (28... Nf7 $17 29. a4 bxa4) 29. Bf1 Nd4 (29... Rc7 $17) 30. Qc5 $36 {[%mdl 2048] White is more active.} Ra4 31. Nxd4 exd4 32. Be7 Rf7 ({Better is} 32... Rg8 $1 $14) 33. Bg5 Qe6 (33... Ng8 $14) 34. Rac1 $1 $16 Ra6 {[#]} (34... Qg6 $16) 35. a4 $1 $18 {[%cal Ra4b5][%mdl 512]} Rxa4 36. Qxc6 Qxc6 37. Rxc6 Ng8 38. Bxb5 (38. Rb1 $18) 38... Rxb4 $16 39. Bc4 Rf8 40. Bxg8 Rxg8 41. Bxf4 Re8 42. Rc5 d3 43. g3 Rbxe4 44. Rxd3 Bd4 45. Rc2 Bb6 46. Kg2 Re2 $2 (46... Kg7 $16 47. Rb2 Bd4 48. Rb7+ Kg8) 47. Rxe2 $18 Rxe2 {[%mdl 4096] Endgame KRB-KRB} 48. Be3 Rb2 {[#]} 49. Bd4+ $1 Bxd4 50. Rxd4 {KR-KR} Kg7 $2 (50... Rb5 {was necessary.} 51. Rxg4 h5) 51. Rxg4+ Kf6 52. h4 {[%cal Bh2h4,Bh4h5][%mdl 32]} Rb5 53. Rf4+ Kg6 54. g4 Ra5 (54... Kg7 $142 55. Ra4 h5) 55. Rc4 Ra6 $2 (55... h6 56. h5+ Kg7 57. Rc7+ Kg8) 56. Kg3 Rb6 57. h5+ Kf6 58. f4 {[%cal Bf2f4,Bf4g5][%mdl 32]} Rb3+ 59. Kh4 h6 60. Rc7 (60. g5+ $142 Kf5 61. gxh6) 60... Rf3 (60... Rb4 $142 61. Rc6+ Kg7 62. Rg6+ Kh7) 61. g5+ hxg5+ 62. fxg5+ Ke6 63. h6 Kd5 {Precision: White = 66%, Black = 28%.} 1-0

[Event "CZE-tht Extraliga 2018-19"]
[Site "Czech Republic"]
[Date "2018.12.01"]
[Round "3"]
[White "Slovak, Kilian"]
[Black "Krejci, Jan"]
[Result "0-1"]
[WhiteElo "2288"]
[BlackElo "2563"]
[Annotator "TA"]
[PlyCount "56"]
[EventDate "2018.11.03"]
[EventType "team-tourn"]
[EventCountry "CZE"]
[SourceTitle "playchess.com"]
[Source "ChessBase"]
[SourceQuality "1"]
[WhiteTeam "Siesta B"]
[BlackTeam "Novoborsky"]

{[%evp 30,56,20,16,25,-19,-23,-25,0,-89,-93,-117,-114,-187,-122,-268,-260,-277,-266,-356,-355,-841,-829,-801,-791,-29990,-29988,-5709,-5492]} 1. e4 e5 2. Nf3 Nc6 3. Bb5 {[%cal Bf1b5,Bb5a4,Ba4b3][%mdl 32]} a6 4. Ba4 Nf6 5. O-O Be7 6. Re1 b5 7. Bb3 d6 8. c3 O-O 9. h3 Bb7 10. d4 Nd7 11. Nbd2 exd4 {C92: Closed Ruy Lopez: 9...Be6, Karpov and Flohr-Zaitsev Variations} 12. cxd4 Bf6 13. Nf1 Re8 14. Ng3 Na5 15. Bc2 g6 16. Rb1 {LiveBook: 21 Games} c5 17. e5 (17. d5 Nc4 18. b3 Ncb6 19. Nh2 {1-0 (46) Vachier Lagrave,M (2789)-Borisek,J (2576) chess.com INT 2018}) 17... Bxf3 $146 ({Predecessor:} 17... dxe5 18. dxc5 b4 19. Be4 {½-½ (74) Heinemann,J (2270)-Tejaswini,S (2081) Caleta 2018}) 18. gxf3 Bg7 19. dxc5 (19. Be4 $11 {remains equal.}) 19... Nxe5 $17 20. Be3 dxc5 21. Bxc5 (21. Be4 $17) 21... Qc7 (21... Rc8 $19 22. b4 Nac4) 22. Be3 (22. Bd6 $17 Nxf3+ {[%mdl 64] Deflection} 23. Qxf3 Qxd6 24. Be4) 22... Rad8 $19 23. Qe2 Nac4 24. Bb3 Nd3 {[%mdl 64] Double Attack} 25. Red1 $2 {[#]} (25. Qc2 Nxe1 26. Rxe1) 25... Rxe3 $1 {[%mdl 576] Deflection} 26. fxe3 Qxg3+ {[%mdl 64] Double Attack} 27. Kf1 Qxh3+ 28. Kg1 Rd5 {Accuracy: White = 17%, Black = 69%.} 0-1

[Event "CZE-tht Extraliga 2018-19"]
[Site "Czech Republic"]
[Date "2018.12.01"]
[Round "3"]
[White "Slampa, Jan"]
[Black "Markos, Jan"]
[Result "0-1"]
[WhiteElo "2231"]
[BlackElo "2571"]
[Annotator "TA"]
[PlyCount "64"]
[EventDate "2018.11.03"]
[EventType "team-tourn"]
[EventCountry "CZE"]
[SourceTitle "playchess.com"]
[Source "ChessBase"]
[SourceQuality "1"]
[WhiteTeam "Siesta B"]
[BlackTeam "Novoborsky"]

{[%evp 22,64,28,31,40,45,43,-25,113,119,107,29,24,25,27,29,14,22,13,32,29,-7,-4,-35,22,-78,-58,-67,-62,-33,-45,-127,-126,-122,-129,-127,-28,-230,-126,-554,-554,-554,-552,-887,-893]} 1. d4 Nf6 2. c4 c5 3. d5 b5 4. cxb5 a6 5. b6 d6 6. Nc3 Nbd7 7. e4 g6 8. Be2 {A57: Benko/Volga Gambit} (8. Nf3 Bg7 9. Be2 Nxb6 10. O-O O-O 11. a4 Bg4 12. a5 Bxf3 13. Bxf3 Nc4 14. Qa4 Ne5 15. Be2 Ne8 16. Bg5 Nc7 17. f4 Nd7 18. e5 f6 19. exf6 Bxf6 20. Bxf6 Nxf6 {½-½ (20) Radjabov,T (2773)-Ivanchuk,V (2766) Wijk aan Zee 2012}) 8... Bg7 9. f4 O-O 10. Nf3 {[%cal Bg1f3,Bf3d2,Bd2c4][%mdl 32]} Qxb6 11. Nd2 Qc7 12. O-O {LiveBook: 3 Games} Bb7 13. Nc4 Nb6 14. Be3 (14. f5 $14) 14... Nxe4 $146 (14... Ng4 $11 {keeps the balance.} 15. Nxb6 Nxe3 16. Nxa8 Bxa8) ({Predecessor:} 14... Rfb8 15. Qd2 Ra7 16. h3 Nxc4 17. Bxc4 Nd7 18. g4 Bc8 19. Rab1 Qa5 20. Rfc1 {0-1 (63) Keskin,E (1614)-Ulakci,Z (1122) Konya 2017}) 15. Nxe4 $16 Nxd5 16. Nc3 (16. Bd2 $16) 16... Nxe3 $11 17. Nxe3 Bd4 18. Qd2 d5 $1 19. Ncd1 e5 20. f5 Qd8 $1 21. f6 e4 22. Rc1 Rc8 (22... Bxf6 $15 23. Rxc5 d4) 23. b4 (23. Nc3 $11) 23... Bxf6 $17 24. Rxc5 Rxc5 25. bxc5 d4 26. Qb4 ({White should play} 26. Ng4 $15 Bg7 27. Nh6+ Bxh6 28. Qxh6) 26... Ba8 27. Ng4 Bg7 {aiming for ...d3.} 28. Bxa6 Qg5 (28... h5 $17 29. Ngf2 e3) 29. h3 $2 (29. c6 $1 $11 {and White stays safe.} Qxg4 30. Qc4) 29... e3 (29... h5 $19 30. Nge3 dxe3) 30. Bb7 $2 {[%mdl 8192]} (30. Qc4 $17 {is a better chance.} h5 31. c6) 30... Bxb7 $19 {Black is clearly winning.} 31. Qxb7 e2 {[%mdl 64] [#] Double Attack} 32. Re1 Qd2 {[%mdl 64] Double Attack, Trapped Piece. Accuracy: White = 21%, Black = 47%.} 0-1

[Event "CZE-tht Extraliga 2018-19"]
[Site "Czech Republic"]
[Date "2018.12.01"]
[Round "3"]
[White "Kawulok, Marek"]
[Black "Neuman, Petr"]
[Result "1/2-1/2"]
[WhiteElo "2203"]
[BlackElo "2432"]
[Annotator "TA"]
[PlyCount "71"]
[EventDate "2018.11.03"]
[EventType "team-tourn"]
[EventCountry "CZE"]
[SourceTitle "playchess.com"]
[Source "ChessBase"]
[SourceQuality "1"]
[WhiteTeam "Cesky Tesin"]
[BlackTeam "Pardubice"]

{[%evp 30,71,25,9,11,0,0,0,0,0,0,0,0,0,0,0,0,0,0,0,0,-2,-2,-2,-2,-2,-2,-2,-3,-3,-6,-8,0,0,0,0,0,0,0,-7,0,-7,0,0]} 1. d4 d5 2. c4 c6 3. Nf3 Nf6 4. e3 g6 5. Nc3 Bg7 6. Be2 O-O 7. O-O dxc4 8. Bxc4 Bg4 9. h3 Bxf3 10. Qxf3 Nbd7 11. Rd1 e5 12. d5 e4 13. Nxe4 Nxe4 14. Qxe4 Nb6 15. Bb3 {D94: Grünfeld: 4 Nf3 Bg7 5 e3} (15. Rb1 Qd6 16. Bb3 cxd5 17. Qd3 a5 18. a3 Qe6 19. Bd2 Rfc8 20. Be1 Rc5 21. Ba2 Nc4 22. b4 axb4 23. Bxb4 {1-0 (84) Riazantsev,A (2654)-Li,C (2735) Geneva 2017}) 15... Nxd5 16. Qf3 {[#] LiveBook: 3 Games. e4 is the strong threat.} Qe7 {The position is equal.} 17. Bxd5 $146 ({Predecessor:} 17. Rb1 Rfd8 18. Bd2 Nb6 19. e4 c5 20. Bc3 Bxc3 21. Qxc3 Rac8 22. Rxd8+ Rxd8 {0-1 (85) Vandevoort,P (2387)-Hovhannisyan,M (2491) Maastricht 2013}) 17... cxd5 18. Bd2 Rfd8 19. Bc3 Bxc3 20. bxc3 Rac8 21. Rd3 Qe5 22. Rad1 Rxc3 23. Rxc3 Qxc3 24. Rxd5 Rxd5 25. Qxd5 $11 {[%mdl 4096] Endgame KQ-KQ} Qe1+ 26. Kh2 Qxf2 27. Qd8+ Kg7 28. Qd4+ Qf6 {And now ...Qxd4 would win.} 29. Qxa7 Qe5+ 30. Kg1 Qa1+ 31. Kf2 Qb2+ 32. Kf3 Qf6+ 33. Kg3 Qe5+ 34. Kf3 Qf6+ 35. Kg3 Qe5+ 36. Kf3 {Accuracy: White = 78%, Black = 62%.} 1/2-1/2

[Event "CZE-tht Extraliga 2018-19"]
[Site "Czech Republic"]
[Date "2018.12.01"]
[Round "3"]
[White "Kozak, Milos"]
[Black "Haba, Petr"]
[Result "*"]
[WhiteElo "2201"]
[BlackElo "2445"]
[Annotator "NA"]
[PlyCount "40"]
[EventDate "2018.11.03"]
[EventType "team-tourn"]
[EventCountry "CZE"]
[SourceTitle "playchess.com"]
[Source "ChessBase"]
[SourceQuality "1"]
[WhiteTeam "Siesta B"]
[BlackTeam "Novoborsky"]
[TimeControl "40/5400+30:1800+30"]

{[%evp 13,32,58,32767,32767,36,26,32,32767,32767,18,35,11,25,20,22,32767,53,54,32,32767,29]} 1. e4 {[%emt 0:00:00]} e5 {[%emt 0:00:00]} 2. Nf3 {[%emt 0:00:00]} Nf6 {[%emt 0:00:00]} 3. Nxe5 {[%emt 0:00:04]} d6 {[%emt 0:00:00]} 4. Nf3 {[%emt 0:00:08]} Nxe4 {[%emt 0:00:00]} 5. d4 {[%emt 0:00:43]} d5 {[%emt 0:00:08]} 6. Bd3 {[%emt 0:00:28]} Nc6 {[%emt 0:01:03]} 7. O-O {[%emt 0:00:22]} Be7 {[%emt 0:00:35]} 8. Nbd2 {[%emt 0:00:56]} Nd6 {[%emt 0:09:13]} 9. c3 {[%emt 0:01:08]} Bf5 {[%emt 0:00:59]} 10. Bxf5 {[%emt 0:07:14]} Nxf5 {[%emt 0:00:10]} 11. Re1 {[%emt 0:00:03]} O-O {[%emt 0:02:26] LiveBook: 5 Games} 12. Nf1 {[%emt 0:00:08]} Re8 {[%emt 0:03:29]} 13. Qb3 {[%emt 0:07:24]} b6 {[%emt 0:10:49]} 14. Bf4 {[%emt 0:10:13]} Na5 {[%emt 0:11:39]} 15. Qc2 {[%emt 0:08:24]} Nd6 {[%emt 0:03:17]} 16. Ne3 {[%emt 0:24:00]} c6 $11 {[%emt 0:02:35]} 17. b3 {[%emt 0:00:01]} Nab7 {[%emt 0:08:10]} 18. c4 {[%emt 0:02:05]} dxc4 {[%emt 0:00:49]} 19. bxc4 {[%emt 0:00:28]} c5 {[%emt 0:10:34]} 20. Rad1 {[%emt 0:02:45]} cxd4 *

[Event "CZE-tht Extraliga 2018-19"]
[Site "Czech Republic"]
[Date "2018.12.01"]
[Round "3"]
[White "Richterova, Natasa"]
[Black "Vymazal, Bronislav"]
[Result "0-1"]
[WhiteElo "2189"]
[BlackElo "2358"]
[Annotator "TA"]
[PlyCount "108"]
[EventDate "2018.11.03"]
[EventType "team-tourn"]
[EventCountry "CZE"]
[SourceTitle "playchess.com"]
[Source "ChessBase"]
[SourceQuality "1"]
[WhiteTeam "Ostrava"]
[BlackTeam "Brno"]

{[%evp 25,108,33,45,31,43,27,47,6,29,24,32,0,31,20,50,27,25,13,19,0,66,65,45,18,18,0,0,0,31,18,59,27,48,20,37,14,45,9,47,39,60,50,50,20,21,5,21,0,0,16,49,17,0,-54,-42,-84,-84,-114,-103,-101,-97,-142,-111,-131,-93,-90,-111,-283,-303,-307,-296,-369,-375,-468,-454,-521,-515,-591,-587,-633,-633,-622,-614,-910,-908]} 1. e4 c5 2. Nf3 d6 3. Bb5+ Bd7 4. Bxd7+ Qxd7 5. c4 Nc6 6. d4 cxd4 7. Nxd4 Nf6 8. Nc3 g6 9. f3 Bg7 10. Be3 O-O 11. Rc1 Rfc8 12. b3 Qd8 13. O-O Qa5 {LiveBook: 8 Games} 14. Qd3 {B52: Sicilian: Moscow Variation with 3...Bd7} (14. Kh1 a6 15. a4 e6 16. f4 Qh5 17. Nxc6 Rxc6 18. Qxh5 Nxh5 19. g4 Bxc3 20. gxh5 Bg7 21. hxg6 hxg6 22. f5 exf5 23. exf5 Be5 24. Rg1 Kg7 25. Rg2 {½-½ (25) Andreikin,D (2507)-Andriasian,Z (2463) Yerevan 2006}) 14... a6 15. Rfd1 Rab8 16. a4 $146 {White is slightly better.} ({Predecessor:} 16. Nxc6 Rxc6 17. Nd5 Nxd5 18. exd5 Rcc8 19. Qd2 Qxd2 20. Rxd2 h5 21. Re2 b5 22. Rec2 bxc4 23. Rxc4 Rxc4 24. Rxc4 Rb5 25. Ra4 a5 26. Bd2 {1-0 (26) Cespedes Llaverias,L (1886)-Bray,D (2194) Barbera del Valles 2018}) 16... Kf8 17. Nde2 Kg8 18. Nd4 Rd8 19. Kh1 Qh5 20. Qf1 e6 21. Nde2 Qa5 22. Qf2 Qb4 (22... Nd7 $1 $11) 23. Rb1 $1 $14 Nd7 24. Bd2 (24. Na2 $5 {[%cal Ra2b4]} Qa3 25. Nec3 $11) 24... Qc5 25. Be3 Qa5 26. Bd2 {Black should prevent Nb5.} Qc7 27. Bg5 Rdc8 28. Bf4 Nce5 29. Be3 Nc5 30. Bd4 Rd8 31. Qg1 b6 32. f4 Nc6 33. Bxg7 Kxg7 34. Qe3 (34. b4 $5 {[%cal Rb4c5]}) 34... Nb4 35. f5 Qe7 36. Qf3 Qf6 37. Rf1 Rf8 38. Qg3 Qe5 39. f6+ (39. Qh4 $11) 39... Kh8 $1 $15 40. Qh4 Rg8 {[%cal Bf8g8,Bg8g6,Bg6h6][%mdl 32]} 41. Rf3 g5 {[%cal Bg6g5,Bg5g4][%mdl 32]} 42. Qg4 Rg6 43. Rbf1 Rh6 {[%csl Gh6][%cal Re5h2] [#]} ({Don't play} 43... Nxb3 44. Rb1 $15) 44. Qg3 g4 45. Rf4 Rg8 {...Nbd3 is the strong threat.} 46. Kg1 $2 (46. Rd1 $17) 46... Nbd3 ({Don't do} 46... Nxb3 47. Rd1 $19) 47. b4 Nxf4 (47... Nxb4 $2 48. Rd1 $17) 48. Rxf4 Nd7 49. Qe3 Rxf6 {Black is clearly winning.} 50. Rxf6 Qxf6 51. Ng3 Rc8 52. Qd3 Ne5 {[%mdl 64] [#] Double Attack} 53. Qxd6 Nxc4 {[%mdl 64] Discovered Attack} 54. Qd3 Nb2 {Accuracy: White = 27%, Black = 56%.} 0-1

[Event "CZE-tht Extraliga 2018-19"]
[Site "Czech Republic"]
[Date "2018.12.02"]
[Round "4"]
[White "Navara, David"]
[Black "Nabaty, Tamir"]
[Result "*"]
[WhiteElo "2736"]
[BlackElo "2670"]
[Annotator "TA"]
[PlyCount "27"]
[EventDate "2018.11.03"]
[EventType "team-tourn"]
[EventCountry "CZE"]
[SourceTitle "playchess.com"]
[Source "ChessBase"]
[SourceQuality "1"]
[WhiteTeam "Novoborsky"]
[BlackTeam "Lysa nad Labem"]

{[%evp 10,12,11,5,23]} 1. e4 e5 2. Bc4 Nf6 3. d3 Bc5 4. Nf3 O-O 5. c3 d6 6. O-O {LiveBook: 50 Games} Nbd7 {C24: Bishop's Opening: 2...Nf6} (6... Nc6 7. a4 a6 8. Na3 h6 9. Nc2 Be6 10. Re1 Ng4 11. Ne3 Nxe3 12. Bxe3 Bxc4 13. dxc4 Bxe3 14. Rxe3 a5 15. Nd2 Ne7 {0-1 (45) Lu,S (2615)-Idani,P (2551) St Petersburg 2016}) {Predecessor:} 7. d4 $146 Bb6 8. Re1 c6 9. Bg5 Qc7 10. Nbd2 exd4 11. cxd4 d5 12. exd5 cxd5 13. Bd3 Qd6 14. Nf1 {½-½ (64) Medvedyk,V (2145)-Scherbak,Y (2148) Vinnytsia 2018} *

[Event "CZE-tht Extraliga 2018-19"]
[Site "Czech Republic"]
[Date "2018.12.02"]
[Round "4"]
[White "Navara, David"]
[Black "Nabaty, Tamir"]
[Result "1/2-1/2"]
[WhiteElo "2736"]
[BlackElo "2670"]
[Annotator "TA"]
[PlyCount "136"]
[EventDate "2018.11.03"]
[EventType "team-tourn"]
[EventCountry "CZE"]
[SourceTitle "playchess.com"]
[Source "ChessBase"]
[SourceQuality "1"]
[WhiteTeam "Novoborsky"]
[BlackTeam "Lysa nad Labem"]

{[%evp 10,136,14,11,19,9,16,10,12,5,10,10,10,12,14,2,16,18,10,8,24,0,0,0,0,0,0,-7,-2,-17,-18,-16,0,0,0,0,11,13,17,17,18,16,25,11,28,26,25,23,23,23,37,27,32,23,24,0,43,41,45,44,41,41,41,31,31,31,41,31,21,0,0,0,0,0,0,-45,-8,-6,0,0,0,0,0,0,0,0,0,-8,-8,-8,-8,-8,-8,-8,8,8,8,8,8,8,8,0,8,8,8,8,8,8,8,8,8,8,8,8,8,8,8,8,8,0,8,8,8,8,8,8,8,8,8]} 1. e4 e5 2. Bc4 Nf6 3. d3 {[%cal Bd2d3,Bd3d4][%mdl 32]} Bc5 4. Nf3 O-O 5. c3 d6 6. O-O {LiveBook: 50 Games} Nbd7 {C24: Bishop's Opening: 2...Nf6} (6... Nc6 7. a4 a6 8. Na3 h6 9. Nc2 Be6 10. Re1 Ng4 11. Ne3 Nxe3 12. Bxe3 Bxc4 13. dxc4 Bxe3 14. Rxe3 a5 15. Nd2 Ne7 {0-1 (45) Lu,S (2615)-Idani,P (2551) St Petersburg 2016}) 7. Re1 $146 ({Predecessor:} 7. d4 Bb6 8. Re1 c6 9. Bg5 Qc7 10. Nbd2 exd4 11. cxd4 d5 12. exd5 cxd5 13. Bd3 Qd6 14. Nf1 {½-½ (64) Medvedyk,V (2145)-Scherbak,Y (2148) Vinnytsia 2018}) 7... h6 8. d4 Bb6 9. Nbd2 Re8 10. Bb3 Nf8 11. dxe5 Ng4 12. Rf1 Nxe5 13. Nxe5 dxe5 14. Qf3 Be6 15. Nc4 Qh4 16. Nxb6 axb6 17. Bc2 Nd7 18. b3 Red8 19. Bb2 Nc5 20. Rfd1 Rxd1+ 21. Qxd1 Rd8 22. Qe2 Rd6 (22... Ra8 {looks sharper.} 23. c4 Qg5 24. f3 Na6 25. Rd1 Nb4) 23. Rd1 Qd8 24. Rxd6 Qxd6 25. Bc1 f6 26. f3 Nd7 27. Be3 Qa3 28. Bd1 Kf8 29. Qd2 Ke7 30. Kf2 b5 31. Be2 c6 32. g3 (32. Qc2 {is more complex.} Kf7 33. h3 Kg8 34. h4 Qe7 35. Kg1) 32... Qd6 (32... f5 {feels hotter.} 33. exf5 Bxf5 34. c4 bxc4 35. Bxc4 b5) 33. Qxd6+ Kxd6 $14 {[%mdl 4096] Endgame KBB-KBN} 34. Bc1 Ke7 35. Ba3+ Kf7 36. h4 f5 37. Ke3 g5 38. exf5 Bxf5 39. h5 Bb1 40. Kd2 Nf6 41. g4 e4 42. Bb2 exf3 43. Bxf3 {The position is equal.} Be4 (43... Bxa2 {is interesting.} 44. Kc2 c5 45. Bc1 c4 46. b4 Bb3+) 44. Ke3 Bxf3 45. Kxf3 $11 {KB-KN} Nd7 46. Ke4 Nf6+ 47. Kf5 Nd5 {Black wants to play ...Ne3+.} 48. Ke5 Ne3 49. Kd6 $1 Nxg4 {Threatening ...Ne3.} 50. Kc7 Ne5 {[#] ...Nd3 is the strong threat.} 51. Bc1 Nd3 52. Be3 b4 53. cxb4 Nxb4 {And now ...Nd5+ would win.} 54. Kxb7 {Threatens to win with a4.} Nxa2 55. Kxc6 Ke6 56. Bd2 Kf5 57. Kb5 g4 $1 58. Bxh6 g3 59. Be3 Ke4 60. Bc5 Kf5 61. h6 Kg6 62. Be3 g2 63. Kc4 Kh7 64. Kb5 {[#]} Nc1 $1 {[%mdl 512]} 65. b4 (65. Bxc1 g1=Q) 65... Na2 66. Kc4 {aiming for b5.} Nxb4 67. Kxb4 g1=Q 68. Bxg1 {White threatens Be3 and mate.} Kxh6 {Precision: White = 70%, Black = 61%.} 1/2-1/2

[Event "CZE-tht Extraliga 2018-19"]
[Site "Czech Republic"]
[Date "2018.12.02"]
[Round "4"]
[White "Sasikiran, Krishnan"]
[Black "Plat, Vojtech"]
[Result "1/2-1/2"]
[WhiteElo "2673"]
[BlackElo "2550"]
[Annotator "TA"]
[PlyCount "68"]
[EventDate "2018.11.03"]
[EventType "team-tourn"]
[EventCountry "CZE"]
[SourceTitle "playchess.com"]
[Source "ChessBase"]
[SourceQuality "1"]
[WhiteTeam "Novoborsky"]
[BlackTeam "Lysa nad Labem"]

{[%evp 26,68,17,17,14,10,36,0,9,0,0,0,0,0,0,0,44,12,9,22,23,0,0,17,56,20,48,12,63,46,47,46,50,58,45,0,15,0,0,0,0,0,0,0,35]} 1. e4 d6 2. d4 Nf6 3. Nc3 e5 4. Nf3 Nbd7 5. Bc4 Be7 6. O-O O-O 7. Re1 c6 8. a4 a5 9. h3 Nb6 {C41: Philidor Defence} (9... Re8 10. Ba2 Bf8 11. Be3 Qc7 12. Ng5 Re7 13. f4 b6 14. fxe5 dxe5 15. d5 cxd5 16. exd5 {1-0 (16) Wang,H (2709)-Ivanchuk,V (2726) Huaian 2017}) 10. Ba2 Nfd7 11. Be3 exd4 12. Bxd4 Nc5 13. Bxc5 dxc5 14. Qe2 {LiveBook: 54 Games} Qd6 15. Rad1 Qf6 $146 ({Predecessor:} 15... Qh6 16. Nh2 Be6 17. Bxe6 fxe6 {½-½ (25) Rudzinska,M (2003)-Kucharska,H (2030) Riga 2018}) 16. Nh2 Be6 17. Ng4 Qg5 18. Bxe6 fxe6 19. Kh1 h5 20. Nh2 Rf7 21. Rd3 Raf8 22. Rf3 Rxf3 23. Nxf3 Qf4 24. Rf1 h4 25. b3 Nd7 {[%cal Bb6d7,Bd7c5,Bc5e4,Be4c3][%mdl 32]} 26. e5 Rf5 ({Black should try} 26... Nb6 $11) 27. Re1 $14 c4 28. Qd1 Nc5 29. Ne2 $36 {[%mdl 2048] White is more active.} Qh6 $1 30. Ned4 Rf4 {The position is equal.} 31. Kg1 Ne4 32. Qe2 cxb3 33. cxb3 Bb4 34. Rf1 Nc3 {Accuracy: White = 48%, Black = 51%.} 1/2-1/2

[Event "CZE-tht Extraliga 2018-19"]
[Site "Czech Republic"]
[Date "2018.12.02"]
[Round "4"]
[White "Sasikiran, Krishnan"]
[Black "Plat, Vojtech"]
[Result "*"]
[WhiteElo "2673"]
[BlackElo "2550"]
[Annotator "TA"]
[PlyCount "31"]
[EventDate "2018.11.03"]
[EventType "team-tourn"]
[EventCountry "CZE"]
[SourceTitle "playchess.com"]
[Source "ChessBase"]
[SourceQuality "1"]
[WhiteTeam "Novoborsky"]
[BlackTeam "Lysa nad Labem"]

{[%evp 15,16,38,28]} 1. e4 d6 2. d4 Nf6 3. Nc3 e5 4. Nf3 Nbd7 5. Bc4 Be7 6. O-O O-O 7. Re1 c6 8. a4 a5 {LiveBook: 1574 Games} {Predecessor:} 9. h3 $146 Re8 10. Ba2 Bf8 11. Be3 Qc7 12. Ng5 Re7 13. f4 b6 14. fxe5 dxe5 15. d5 cxd5 16. exd5 {1-0 (16) Wang,H (2709)-Ivanchuk,V (2726) Huaian 2017} *